अवधी व्रत कथाएँ / (Record no. 118184)

MARC details
000 -LEADER
fixed length control field 01369nam a22003017a 4500
003 - CONTROL NUMBER IDENTIFIER
control field dpl
005 - DATE AND TIME OF LATEST TRANSACTION
control field 20190413141352.0
008 - FIXED-LENGTH DATA ELEMENTS--GENERAL INFORMATION
fixed length control field 190413b ||||| |||| 00| 0 eng d
010 ## - LIBRARY OF CONGRESS CONTROL NUMBER
LC control number B-056294
020 ## - INTERNATIONAL STANDARD BOOK NUMBER
Terms of availability 225.00
035 ## - SYSTEM CONTROL NUMBER
System control number B-056294, B-056298
037 ## - SOURCE OF ACQUISITION
Source of stock number/acquisition Cen Lib/Ret
040 ## - CATALOGING SOURCE
Original cataloging agency DPL
Language of cataloging HN
Transcribing agency 0
082 ## - DEWEY DECIMAL CLASSIFICATION NUMBER
Classification number 230.64
Item number शर्माचे
100 ## - MAIN ENTRY--PERSONAL NAME
Personal name शर्मा, चेतन
9 (RLIN) 78742
245 ## - TITLE STATEMENT
Title अवधी व्रत कथाएँ /
Statement of responsibility, etc चेतन शर्मा [और] सत्यप्रकाश शर्मा;सम्पादक वेद प्रकाश सोनी
246 ## - VARYING FORM OF TITLE
Title proper/short title Avdhi vrat kathaen /
Remainder of title by Chetan Sharma [aur] Satyaprakash Sharma;sampadak Ved Prakash Soni
260 ## - PUBLICATION, DISTRIBUTION, ETC. (IMPRINT)
Place of publication, distribution, etc नई दिल्ली
Name of publisher, distributor, etc चेतन साहित्य मंदिर
Date of publication, distribution, etc 2001
270 ## - ADDRESS
Address ए-47, अमर कालोनी
City नई दिल्ली
Postal code 110024
300 ## - PHYSICAL DESCRIPTION
Extent 192पृ.
Dimensions 20सेमी(सजिल्द)
650 ## - SUBJECT ADDED ENTRY--TOPICAL TERM
Topical term or geographic name as entry element हिन्दू धर्म
9 (RLIN) 1413
650 ## - SUBJECT ADDED ENTRY--TOPICAL TERM
Topical term or geographic name as entry element हिन्दू -- व्रत
9 (RLIN) 1413
650 ## - SUBJECT ADDED ENTRY--TOPICAL TERM
Topical term or geographic name as entry element Hindu religion
9 (RLIN) 78743
650 ## - SUBJECT ADDED ENTRY--TOPICAL TERM
Topical term or geographic name as entry element Hindu - fast
9 (RLIN) 78744
700 ## - ADDED ENTRY--PERSONAL NAME
Personal name शर्मा, सत्यप्रकाश
9 (RLIN) 9690
700 ## - ADDED ENTRY--PERSONAL NAME
Personal name सोनी, वेद प्रकाश
9 (RLIN) 64636
942 ## - ADDED ENTRY ELEMENTS (KOHA)
Source of classification or shelving scheme Dewey Decimal Classification
Koha item type Hindi Books
Classification part 230.64
Call number suffix शर्माचे
Holdings
Withdrawn status Lost status Damaged status Not for loan Home library Current library Date acquired Source of acquisition Cost, normal purchase price Total Checkouts Full call number Barcode Date last seen Copy number Cost, replacement price Price effective from Koha item type Source of classification or shelving scheme Collection code
        Central Library Central Library 10/09/2015 Cen Lib/Ret 225.00   230.64 शर्माचे B-056294 10/09/2015 1 225.00 10/09/2015 Hindi Books    
        Shahdara Branch Shahdara Branch 13/04/2019 BPPD/PUB 225.00   230.64 शर्माचे B-056298 13/04/2019   225.00 13/04/2019 Hindi Books Dewey Decimal Classification Non-fiction

© Delhi Public Library
Hit Counter
free hit counter